skbl

Dr Suryya Kumar Bhuyan Library Web-OPAC
ডঃ সূৰ্য্য
কুমাৰ ভূঞা পুথিভঁৰাল ৱেব-অ'পেক

All Research Scholars are advised to clear the annual library fees to continue using Library Resources, Remote Access, Plagiarism Test and Library Clearance.

Cotton University Book Fair 2026

A Handbook of Medicinal Plants / (Record no. 52443)

MARC details
000 -LEADER
fixed length control field 00803nam a2200289Ia 4500
001 - CONTROL NUMBER
control field 52479
005 - DATE AND TIME OF LATEST TRANSACTION
control field 20240114005307.0
007 - PHYSICAL DESCRIPTION FIXED FIELD--GENERAL INFORMATION
fixed length control field ta
008 - FIXED-LENGTH DATA ELEMENTS--GENERAL INFORMATION
fixed length control field 100809s2003 g b000 u 903 u
020 ## - INTERNATIONAL STANDARD BOOK NUMBER
International Standard Book Number 81-7754-134-X
040 ## - CATALOGING SOURCE
Original cataloging agency Cotton College,Assam
041 ## - LANGUAGE CODE
Language code of text/sound track or separate title 903
082 ## - DEWEY DECIMAL CLASSIFICATION NUMBER
Classification number 582
Item number Pr 884 Ha
100 ## - MAIN ENTRY--PERSONAL NAME
Personal name Prajapati, Narayan Das .
245 #0 - TITLE STATEMENT
Title A Handbook of Medicinal Plants /
Statement of responsibility, etc. Narayan Das Prajapati,S.S.Purohit,Arun K.Sharma & Others.
Medium Textual Documents
250 ## - EDITION STATEMENT
Edition statement Ist ed. /
260 ## - PUBLICATION, DISTRIBUTION, ETC.
Place of publication, distribution, etc. Jodhpur :
Name of publisher, distributor, etc. Agrobios(India) ,
Date of publication, distribution, etc. 2003.
300 ## - PHYSICAL DESCRIPTION
Extent 554pg ;
Dimensions 15cm.
653 ## - INDEX TERM--UNCONTROLLED
Uncontrolled term Botant
653 ## - INDEX TERM--UNCONTROLLED
Uncontrolled term Medicinal Plants
653 ## - INDEX TERM--UNCONTROLLED
Uncontrolled term Deptt- Botany
700 ## - ADDED ENTRY--PERSONAL NAME
Personal name Purohit,, S.S. .
700 ## - ADDED ENTRY--PERSONAL NAME
Personal name Sharma, Arun K. .
942 ## - ADDED ENTRY ELEMENTS (KOHA)
Source of classification or shelving scheme Dewey Decimal Classification
Koha item type Books
Holdings
Withdrawn status Lost status Damaged status Not for loan Collection Home library Current library Date acquired Coded location qualifier Total checkouts Full call number Barcode Date last seen Copy number Price effective from Koha item type
          Dr. Suryya Kumar Bhuyan Library Dr. Suryya Kumar Bhuyan Library 01/02/2012 00000   582 Pr 884 Ha 942/Bot 14/01/2024 1 01/02/2012 Books

Designed and Maintained by Team SKBL
©1901-2026

Powered by Koha